000 00588nam a2200205Ia 4500
001 5341
003 GE_BSU
008 181216s||||||||xx |||||||||||||| ||und||
040 _cGE_BSU
080 _a517.5
100 _aГельфанд, И. М;Е. Г. Глаголева,Э. Э. Шноль.
245 _aФункции и графики основ. приемы
250 _a3-е изд.,
260 _aМссква
260 _bНаука
260 _c1968.
300 _a94 с. 20 см.
653 _aФункции и графики основ. приемы
942 _cBK
999 _c38920
_d38920